000
00351nam a2200133Ia 4500
003
GCL
008
140319s9999 xx 000 0 ara d
040
_a
GCL /
_c
GCL
082
0
4
_a
680
_b
ح ع
245
1
0
_a
عمليات التصنيع اليدوية
260
_a
[S.N] :
_b
دار الراتب الجامعية ،
_c
1988
300
_a
258 ص
490
_a
999
_c
54934
_d
54934